000 00615nam a2200181Ia 4500
008 100920s9999 xx 000 0 und d
082 _b28666
_a891.464 थ 74
100 _aसंपादक-मुणगेकर श्री. ग.
245 _aनिवडक परुळेकर : 1.
260 _bसकाळ प्रकाशन, पुणे 2.
_c1974
300 _a176
_bसाधी
365 _b10
520 _aनिबंध.
630 _aनिवडक परुळेकर : 1.
650 _aनिबंध.
730 _aनिवडक परुळेकर : 1.
942 _cBOOK
999 _c684861
_d684858